000 00786nam a22002177a 4500
005 20240530110917.0
008 220221s2008 ua c g b 000 0 ara d
017 _bمصر. دار الكتب
_a2008/24677
020 _a977438579
040 _aEG-CaGPL
_cEG-CaGPL
082 0 4 _221
_a331.137 /
_bم ب
100 0 _aمحمد نبيل جامع
245 1 2 _aالبطالة :
_bقنبلة موقوتة وفك شفرتها وحديث مع الشباب /
_cمحمد نبيل جامع
260 _aالاسكندرية :
_bالمكتب الجامعى الحديث ،
_c2008
300 _a268 ص؛
_c24 سم
650 0 7 _aالبطالة
_2qrmak
650 0 7 _aالبطالة
_zمصر
650 0 7 _aالشباب
_2qrmak
942 _2ddc
_cBK
999 _c66405
_d66405